Qui a perdu sa légion d'honneur ? - Statistiques

Statistiques générales
  • Ce quiz a été pris 443 fois
  • Le résultat moyen est 4 sur 11
Statistiques - réponses
Date Fonction Raison de la radiation Personnalité % Correct
2025 Ancien Chef d'Etat Condamnation pour corruption et trafic d'influence dans l'affaire Bismuth Nicolas Sarkozy
98%
1945 Ancien Chef d'Etat Condamnation pour indignité nationale et haute trahison. Philippe Pétain
82%
2014 Sportif américain Dopage lors de compétitions sportives Lance Armstrong
62%
2018 Chef d'Etat syrien Au nom de la cohérence avec les valeurs républicaines Bachar el-Assad
56%
2017 Producteur de cinéma américain Après les nombreuses accusations d’agression sexuelle Harvey Weinstein
54%
1998 Politicien Condamnation pour complicité de crimes contre l’humanité durant la seconde guerre mondiale Maurice Papon
24%
2020 Politicienne Condamnation pour fraude fiscale « d’une ampleur exceptionnelle » Isabelle Balkany
17%
2019 Politicien Condamnation pour détournement de fonds publics dans l'affaire des primes en liquide Claude Guéant
10%
2011 Créateur de haute couture britannique Condamnation pour avoir tenu des propos antisémites John Galliano
7%
2003 Président de la SNCF Condamnation pour abus de biens sociaux dans l’affaire Elf Loïk Le Floch-Prigent
5%
2025 Avocat Condamnation pour corruption et trafic d'influence dans l'affaire Bismuth Thierry Herzog
5%
Aucun quiz correspondant
Distribution des résultats
% des personnes avec chaque résultat
Percentile par nombre de réponses
Votre historique - résultats
Vous n’avez pas pris ce quiz